000 00259nam a2200109Ia 4500
008 190216s9999||||xx |||||||||||||| ||und||
100 _aGovindapilla P K
245 0 _aTagorinde Prabanthangal
260 _bSahithya Accadamy
650 _aLekhanam
942 _cBK
999 _c24487
_d24487